Регионална библиотека "Любен Каравелов" - Русе

Адолф (Запис номер 424477)

MARC детайли
000 -Лидер
Контролно поле с фиксирана дължина nam a22 a 4500
003 - Код на организацията, давaща контролен номер
Контролно поле BLK
005 - Дата и час на последна редакция
Контролно поле 20210720164437.0
008 - Елементи от данни с фиксирана дължина
fixed length control field 210720b bul|||||r ||||||| ||bul||
040 ## - Източник на каталожния запис
Идентификатор на билиотеката - собственик на записа BLK
041 ## - Код за език
Код за езика на текст/звукозапис или на отделно заглавие Български
Код за езика КДБФ Български
080 ## - УДК
Текстов определител УДК Френска литература
УДК код - определител по УДК 821.133.1
УДК определител -312.1
УДК - код + определител 821.133.1-312.1
100 1# - Редна дума - Автор
Автор Констан, Бенжамен
Авторска отговорност първи автор
Автор - информация (биография) Констан дьо Ребек, Анри-Бенжамен
R(LIN) 377433
139 ## - Редно поле
Редна дума Констан, Бенжамен
Авторски знак Констан - К 82
245 10 - Сведения за заглавието
Заглавие Адолф
Подзаглавни данни Роман
Редно поле (дума) Бенжамен Констан ; прев. от фр. Георги Д. Юруков
257 ## - Страна на издаване
Страна на създаване/издаване Франция
260 ## - Област на издателските данни
Място на издаване, разпространение и проч. София
Име на издателя, разпространителя и проч. Георги Д. Юруков
Година на издаване 1921
9 (RLIN) 460264
300 ## - Физическа характеристика
Страници 76 с.
Размери/Мащаб 19 см
380 ## - Жанр
Жанр Худож. лит.
490 ## - СЕРИИ (Колекции)
9 (RLIN) 205795
Име на серия Мозайка от знаменити съвременни романи
№: серия Г. XII, кн. 4, ян.
500 ## - Общи забележки
Забележка Пълното име на авт. Анри-Бенжамен Констан дьо Ребек.
700 1# - Други автори (авторска отговорност)
Лично име Констан дьо Ребек, Анри-Бенжамен
Автороска отговорност (Описва отношението между автора и произведението) *
9 (RLIN) 322710
700 ## - Други автори (авторска отговорност)
Лично име Юруков, Георги Данаилов
Автороска отговорност (Описва отношението между автора и произведението) прев. от фр.
9 (RLIN) 377599
852 ## - Местоположение
Форматна сигнатура Цб 8.190.5153
Фондова буква Хранилище
999 ## - СИСТЕМНИ КОНТРОЛНИ НОМЕРА
Koha biblionumber 424477
Koha biblioitemnumber 424477
942 ## - АРТИКУЛИ
Вид на библиотечния материал Книги
Скрит в OPAC Не
Периодичен библиозапис Да
944 ## - СЪЗДАВАНЕ И РЕДАКЦИЯ на ЗАПИСА
Създаване/Редакция Създаване
Дата на регистрацията/редакция 2021-07-20
Служител, извършил регистрацията/редакцията ГГГ
Наличности
Код за отписване Код за изгубен артикул Източник на класификационната схема Код за повреда Коз за рестрикции Код за отдаване Артикулен № Име на библиотеката - собственик Име на библиотеката, в която се намира в момента Статус (Текущо местоположение) Дата на вписване в системата Местоположение - отдел Цена в лева Инвентарен номер Систематично азбучна сигнатура Баркод Цена в евро Служебен тип на артикула
  Не е изгубен Universal Decimal Classification Не е повреден само за читалня ползва се в читалня 843993 Регионална библиотека "Любен Каравелов" Русе Регионална библиотека "Любен Каравелов" Русе Хранилище 2021-07-21 Основен фонд - ползва се само за читалня 0.06 5153 Цб 8.190.5153 900000070227 0.03 Книги
Vip Innovations Ltd, Rousse, Bulgaria 2025